000 00477nab a2200145Ia 4500
003 ES-SlBCS
005 20210601145259.0
008 140529s1962 xxu||||| |||| 00| 0 spa d
041 _aspa
100 1 _aVázquez Velasco, Carlos
_9310113
245 0 0 _aValoración clínica de la conducta infantil
_c C. Vázquez Velasco
650 0 4 _aConducta Infantil
_9148871
773 0 _tRevista de Psicologia General y Aplicada
_gvol. 17, nº. 61, 1962, págs. 19-37
_wRev1347
942 _cAR
999 _c722245
_d722245